| 000 | 01154nam a2200265Ia 4500 | ||
|---|---|---|---|
| 003 | OSt | ||
| 005 | 20221005103754.0 | ||
| 006 | a|||||r|||| 00| 0 | ||
| 007 | ta | ||
| 008 | 221004b |||||||| |||| 00| 0 hin d | ||
| 020 |
_a9789380943411 (hbk) _c750 |
||
| 024 | _a14762 | ||
| 037 |
_b145, 28/10/2014, Eastern Book Linkers _cTextual |
||
| 040 |
_aCRL _cCRL _bhin |
||
| 041 |
_2hin _ahin |
||
| 082 | _aDelta2:864, 152Q4 | ||
| 100 | _aशर्मा, अलकनन्दा | ||
| 245 | 0 | _aप्राचीन भारत में ज्योतिड्ढ एव खगोल विज्ञान का विकास | |
| 246 | _aPrāchīn bhārat mean jyotiḍḍha ev khagol vijnyān kā vikāsa | ||
| 260 |
_aदिल्ली _bआर्यावर्त संस्कृति संस्थान भारत _c2014 |
||
| 300 |
_a376पृ0 _ccm. |
||
| 650 | _aआध्यात्मिक अनुभव और रहस्यवाद | ||
| 942 |
_hDelta2:864, 152Q4 _cTEXL _2cc |
||
| 999 |
_c1010864 _d1010864 |
||